[Event "VIII Floripa Open 2022"]
[Site "Florianopolis"]
[Date "2022.01.28"]
[Round "6.5"]
[White "Aranha Filho, Alvaro Z."]
[Black "Mekhitarian, Krikor Sevag"]
[Result "0-1"]
[WhiteElo "2283"]
[BlackElo "2562"]
[Annotator "TA"]
[PlyCount "88"]
[EventDate "2022.01.24"]
[EventType "swiss"]
[EventCountry "BRA"]
[SourceTitle "playchess.com"]
[Source "ChessBase"]
[SourceQuality "1"]

{[%evp 24,88,6,0,10,-12,6,0,0,0,0,-10,-16,-12,-17,-12,-17,-32,0,-8,0,0,0,0,0,-81,-54,-142,-150,-190,-185,-178,-191,-280,-258,-274,-287,-279,-164,-372,-289,-295,-187,-180,-173,-260,-256,-302,-288,-331,-217,-262,-257,-391,-375,-378,-362,-327,-316,-310,-160,-329,-340,-311,-302,-502,-493]} 1. d4 Nf6 2. Nf3 g6 3. c4 Bg7 4. Nc3 d5 5. cxd5 Nxd5 6. e4 Nxc3 7. bxc3 c5 8. Bb5+ Bd7 9. Bxd7+ Qxd7 10. O-O O-O 11. Rb1 Nc6 12. Be3 cxd4 13. cxd4 e6 {D85: Exchange Grünfeld: Unusual White 7th moves and lines with 7 Nf3.} 14. Qe2 Rac8 {[%cal Rc6d4]} 15. Rfd1 b6 {[#] The position is equal.} 16. Qb5 $146 ({Predecessor:} 16. h3 Na5 17. Ne5 Qa4 18. Rd2 Bxe5 19. dxe5 Qxe4 20. Rbd1 Qxe5 21. Qa6 Nc4 22. Qxc8 Nxd2 {½-½ (35) Doettling,F (2542)-Ni,H (2614) ICC INT 2006}) 16... Rfd8 17. Bg5 Ne7 18. Qb3 h6 19. Bh4 Qb7 {aiming for ...g5.} (19... g5 $5 20. Bg3 Qc6 $11) 20. Qe3 Re8 (20... Rc2 {feels hotter.} 21. a4 Qc7 22. a5 bxa5 23. h3 g5) 21. Rbc1 Rxc1 22. Rxc1 Nc6 23. h3 Qd7 {[%cal Rc6d4]} 24. e5 (24. Rd1 $11) 24... Rc8 25. Bf6 {Black continues to play with concentration.} ({Better is} 25. Qd2 $1 $15) 25... Nb4 $17 26. Bxg7 Kxg7 27. Rxc8 Qxc8 28. a3 (28. g3 {was necessary.}) 28... Nd5 $19 29. Qd3 Qc1+ 30. Kh2 Nf4 (30... a5 $142 {And now ...a4 would win.} 31. a4 Qc3 32. Qxc3 Nxc3) 31. Qa6 $2 {[#]} (31. Qd2 {was called for.} Qxd2 32. Nxd2) 31... Qc2 32. Qf1 Qa2 33. Qc1 g5 34. Nd2 (34. Qe3 $142) 34... Ne2 {[%csl LRc1,LRd4]} 35. Qe1 Nxd4 36. Ne4 Qd5 37. Nd6 Nc6 38. f4 (38. Kg1 $142) 38... gxf4 39. Ne8+ Kf8 40. Nf6 Qd3 41. Qc1 Nxe5 (41... Qg3+ $19 42. Kg1 {[#]} f3 $1 43. Qxh6+ Ke7 44. Nd5+ Kd7 45. Nf6+ Kc7) 42. Qc8+ $2 (42. Qxf4 $17 Qd6 43. Kh1 (43. Qxh6+ Ke7 $17)) 42... Kg7 43. Nh5+ Kh7 44. Nxf4 $2 (44. Qf8 Qg6 45. Nxf4) 44... Qc4 {Weighted Error Value: White=0.48/Black=0.22 (precise)} 0-1

[Event "VIII Floripa Open 2022"]
[Site "Florianopolis"]
[Date "2022.01.28"]
[Round "6.6"]
[White "Lima, Darcy"]
[Black "Labussiere, Victor"]
[Result "0-1"]
[WhiteElo "2507"]
[BlackElo "2357"]
[Annotator "TA"]
[PlyCount "76"]
[EventDate "2022.01.24"]
[EventType "swiss"]
[EventCountry "BRA"]
[SourceTitle "playchess.com"]
[Source "ChessBase"]
[SourceQuality "1"]

{[%evp 9,76,30,26,-46,-1,-16,-10,-8,0,-16,8,10,16,27,27,0,17,6,31,-20,-33,-11,0,-49,-35,-34,-16,-22,-17,-33,0,0,-8,-2,0,0,13,15,47,36,62,54,71,60,47,41,84,77,64,55,111,54,59,56,63,0,0,0,0,-8,0,0,168,10,359,74,91,0,335]} 1. c4 Nf6 2. Nc3 e5 3. Nf3 Nc6 4. e3 d5 5. cxd5 Nxd5 6. a3 {A28: English Opening: Four Knights Variation.} (6. Bb5 $11) 6... g6 (6... Nxc3 $1 $15 7. bxc3 e4) 7. d3 Bg7 8. Qc2 O-O 9. Be2 h6 10. O-O Be6 {[#]} 11. Na4 $146 ({Predecessor:} 11. Bd2 Nce7 12. Rac1 Rc8 13. b4 Kh7 14. Rfd1 c5 15. Nxd5 cxb4 16. Nc7 b3 17. Qc3 {1-0 (59) Iliushkin,E (2304)-Raicevic,M (2370) Plovdiv 2013}) 11... Nde7 12. Bd2 a5 13. Rac1 g5 {[%cal Bg6g5,Bg5g4][%mdl 32]} 14. Rfd1 (14. Nc5 $14) 14... g4 $11 15. Ne1 b6 16. b4 (16. Nc3 $11 {feels stronger.}) 16... axb4 17. axb4 Ra7 18. b5 Na5 {[%cal Bc6a5,Ba5b7,Bb7d6][%mdl 32] ...Bb3 is the strong threat.} 19. Rb1 {To avoid Bb3} Qa8 20. Bb4 Re8 21. Nc3 Nb7 22. Rdc1 Nd6 23. Qd1 f5 24. Nc2 {[%cal Be1c2,Bc2b4,Bb4c6][%mdl 32]} h5 25. d4 $1 e4 26. Bxd6 cxd6 27. Nb4 Bf7 (27... Qb7 $14) 28. Nc6 $16 Ra3 (28... Nxc6 $2 29. bxc6 Rc8 30. Rxb6 $18) 29. Ra1 d5 ({Black should try} 29... Kh8 $14) 30. Rxa3 (30. g3 $16) 30... Qxa3 $14 31. Na4 {Pair of Knights!} f4 $1 32. Rc3 (32. Nxb6 fxe3 33. fxe3 Qxe3+ 34. Kh1 Be6 $19) (32. exf4 $14 Nf5 33. Ra1 (33. Nxb6 g3 $11)) 32... Qd6 $11 33. exf4 ({Resist} 33. Nxb6 Nf5) 33... Qxf4 34. g3 Qc7 35. Qc1 Ra8 $2 (35... Nxc6 $11 36. Rxc6 Qd8) 36. Bd1 $2 (36. Nxb6 $1 $18 Re8 37. Qg5 $1) 36... Nf5 $2 {[%mdl 8192] [#]} (36... Re8 $11) 37. Qg5 $2 (37. Ne5 $1 $18 Qd8 38. Nxf7) 37... Be6 $16 38. Qxh5 (38. Kg2 $16) 38... Qd6 $2 {[%mdl 40960] Weighted Error Value: White=0.35/Black=0.43. Loss on time!?} (38... Qf7 $1 $11 {and Black is okay.} 39. Qg5 (39. Qxg4 $2 Nxd4 40. Qg5 Rxa4 $19) 39... Qf6 40. Qxf6 (40. Qxg4 $2 Nxd4 41. Qh5 Rf8 $19) 40... Bxf6) 0-1

[Event "VIII Floripa Open 2022"]
[Site "Florianopolis"]
[Date "2022.01.28"]
[Round "6.7"]
[White "Di Berardino, Diego Rafael"]
[Black "Villalba, Marcelo"]
[Result "1-0"]
[WhiteElo "2480"]
[BlackElo "2258"]
[Annotator "TA"]
[PlyCount "87"]
[EventDate "2022.01.24"]
[EventType "swiss"]
[EventCountry "BRA"]
[SourceTitle "playchess.com"]
[Source "ChessBase"]
[SourceQuality "1"]

{[%evp 13,87,22,18,27,7,0,12,20,81,18,24,-6,32,32,29,-4,43,33,33,33,35,35,32,14,14,16,231,7,7,7,28,13,23,22,139,0,9,10,43,0,33,15,98,93,95,101,50,0,141,125,177,95,1268,1091,852,275,1215,1189,1092,525,12838,2370,12839,12839,12839,12840,12841,12841,29984,29985,29985,29986,29994,29993,29993,29994]} 1. c4 e6 2. d4 d5 3. Nf3 Nf6 4. g3 dxc4 5. Bg2 a6 6. O-O b5 7. Ne5 Nd5 8. b3 {E04: Open Catalan: 5 Nf3.} cxb3 9. Qxb3 Bb7 10. a4 {The position is equal.} c6 (10... Nc6 $11) 11. Nd2 (11. Qf3 Qf6 $11) (11. e4 $16 Nb6 12. Qf3) 11... Be7 $11 {[#]} 12. Ba3 $146 {[%mdl 128] White has some attack.} ({Predecessor:} 12. Bb2 Nd7 13. Nd3 O-O 14. e4 N5f6 15. Rfc1 Qb6 16. a5 Qa7 17. e5 Nd5 18. Ne4 {0-1 (41) Radashkovich,I (2425)-Zilber,I Tel Aviv 1978}) 12... O-O 13. Bxe7 Qxe7 14. Rfc1 Rc8 (14... b4 $11) 15. Ne4 Nd7 16. Nxd7 Qxd7 17. Nc5 Qc7 18. e4 {Strongly threatening axb5.} Nb6 19. e5 Nxa4 $2 (19... h6 $11 {and Black stays safe.}) 20. Nxa4 $2 (20. Nxb7 $18 Qxb7 21. Rxa4) 20... bxa4 21. Rxa4 Ra7 22. Rc5 {[%mdl 1024] White has compensation.} g6 23. h4 {[%cal Oh4h5]} h5 (23... Rb8 $11) 24. Be4 {White is much more active.} (24. d5 $1 $16 {[%cal Rd5e6]} exd5 25. Bxd5) 24... Ba8 25. Qd3 {[%cal Oe4g6]} Kg7 26. Qc3 (26. Rxa6 $14 Rd8 27. Bxc6) 26... Kg8 27. Bf3 {[%cal Od4d5]} Qd8 (27... Rd8 $11) 28. d5 $1 $16 exd5 {[#]} 29. Bxd5 $1 {[%mdl 64] Threatens to win with e6. Pin} Rb8 30. Bf3 (30. Bb3 $14) 30... Rab7 (30... Qe7 $11 {remains equal.}) 31. e6 $1 {aiming for Rg5.} (31. Rxa6 Rb3 32. Rxa8 Rxc3 33. Rxb8 Qxb8 $17) (31. Bxc6 $2 Rb1+ 32. Kh2 Qd1 $19) 31... fxe6 {[#]} (31... Qd6 $16) 32. Rf4 (32. Rxa6 Rb3 33. Rxa8 (33. Qc2 Rxf3 34. Qxg6+ Kf8 $15) 33... Rxc3 34. Rxb8 Qxb8 $17) (32. Bxh5 $1 $18 {[%mdl 512]} gxh5 33. Rg5+ Qxg5 34. hxg5) 32... Rf7 $2 {[%mdl 8192] [#]} (32... Rg7 $16) 33. Rg5 $1 $18 Rg7 34. Qc2 $2 (34. Rf6 Rb3 35. Qe5 (35. Qxb3 Qxf6 36. Qd3 Bb7 $16) 35... Rb1+ 36. Kh2) 34... Qe8 (34... e5 35. Rxe5 c5 36. Bxa8 (36. Rxc5 Bxf3 37. Rxf3 a5 $16) 36... Rxa8) 35. Rf6 {[%cal Rf6g6]} Rbb7 36. Rfxg6 (36. Be4 $142 Rbe7 37. Rfxg6) 36... Qf8 37. Be4 (37. Bxh5 $142 Qd8 38. Rxe6) 37... Rxg6 38. Rxg6+ Rg7 39. Rxe6 {Threatening mate with Qb3.} Re7 40. Rg6+ Rg7 41. Qb3+ {White mates.} Qf7 42. Re6 {[%cal Re6e8]} Kh8 43. Rh6+ Kg8 44. Qb8+ {Weighted Error Value: White=0.48/Black=0.73} 1-0

[Event "VIII Floripa Open 2022"]
[Site "Florianopolis"]
[Date "2022.01.28"]
[Round "6.8"]
[White "Luz, Arthur Nader"]
[Black "Matsuura, Everaldo"]
[Result "0-1"]
[WhiteElo "2169"]
[BlackElo "2441"]
[Annotator "TA"]
[PlyCount "54"]
[EventDate "2022.01.24"]
[EventType "swiss"]
[EventCountry "BRA"]
[SourceTitle "playchess.com"]
[Source "ChessBase"]
[SourceQuality "1"]

{[%evp 11,54,6,13,-7,0,0,0,0,1,0,0,0,0,0,0,0,0,0,0,0,0,0,0,0,13,-6,-6,-171,-152,-178,-173,-183,-177,-208,-192,-380,-238,-239,-245,-245,-226,-271,-279,-1007,-979]} 1. e4 c5 2. Nc3 Nc6 3. Nge2 d6 4. g3 g6 5. Bg2 Bg7 6. d3 Rb8 7. a3 {[%cal Ob2b4] B25: Closed Sicilian: 3 g3, lines without early Be3.} e6 8. O-O Nge7 9. Rb1 {The position is equal.} b5 10. b4 cxb4 11. axb4 O-O {[#]} 12. Be3 $146 ({Predecessor:} 12. d4 a5 13. bxa5 b4 14. Na4 Qxa5 15. Nb2 Ba6 16. d5 exd5 17. exd5 Ne5 18. Re1 {0-1 (29) Hansen,V (1888)-Levushkina,E (2310) Helsingor 2014}) 12... a5 13. Na2 axb4 14. Nxb4 Nxb4 15. Rxb4 Nc6 16. Rb3 b4 17. Qd2 e5 18. d4 Ba6 19. dxe5 {[#] Now White is beyond hope.} (19. d5 $11 {and White has nothing to worry.} Na5 20. Rxb4) 19... dxe5 $19 20. Qxd8 Rfxd8 ({Weaker is} 20... Rbxd8 21. Bf3 $15) 21. Re1 Na5 {[%cal Bc6a5,Ba5c4,Bc4a3,Ba3b1][%mdl 32]} 22. Rbb1 Nc4 23. Bc1 $2 (23. Bf1) 23... Bf8 {Hoping for ...Na3.} 24. Bg5 Rdc8 25. Bh3 Rc7 {[#] ...Na3 is the strong threat.} 26. Rb3 Na3 ({Don't go for} 26... Nd6 $2 27. Nc1 $19) 27. Reb1 $2 (27. Bf1) 27... Nxb1 {Weighted Error Value: White=0.75/Black=0.11 (very precise)} 0-1

[Event "VIII Floripa Open 2022"]
[Site "Florianopolis"]
[Date "2022.01.28"]
[Round "6.9"]
[White "Molina, Roberto Junio Brito"]
[Black "Alboredo, Julia"]
[Result "1-0"]
[WhiteElo "2420"]
[BlackElo "2200"]
[Annotator "TA"]
[PlyCount "53"]
[EventDate "2022.01.24"]
[EventType "swiss"]
[EventCountry "BRA"]
[SourceTitle "playchess.com"]
[Source "ChessBase"]
[SourceQuality "1"]

{[%evp 18,53,16,0,2,15,22,7,24,28,22,19,13,0,51,0,0,0,112,68,143,124,254,258,289,120,288,276,254,262,313,254,448,441,427,446,591,585]} 1. d4 Nf6 2. c4 g6 3. g3 d5 4. cxd5 Nxd5 5. Bg2 Nb6 6. Nf3 Bg7 7. O-O Nc6 8. e3 O-O 9. Nc3 Re8 10. d5 Nb4 {[%cal Rb4d5] D76: Fianchetto Grünfeld: Main Line with 7...Nb6.} 11. e4 c6 {[%cal Rc6d5]} 12. a3 Na6 {The position is equal.} 13. dxc6 Qxd1 14. Rxd1 bxc6 15. Nd4 Bb7 (15... Bxd4 $11 16. Rxd4 Nc5) 16. e5 ({White should try} 16. Nb3 $14) 16... Bxe5 $11 17. Nxc6 {[#]} Bg7 $146 (17... Bxc3 $11 18. bxc3 Nb8 19. Nxb8 Raxb8) ({Predecessor:} 17... Bxc3 18. bxc3 Nb8 19. Nb4 Bxg2 20. Kxg2 Rc8 21. Be3 Nc4 22. Bh6 f6 23. h4 Kf7 {½-½ (31) Heemskerk,W (2285)-Wantola,I (2335) Leiden 2011}) 18. Bg5 ({White should play} 18. Nb5 $16) 18... f6 (18... Bxc3 $14 19. bxc3 f6) 19. Be3 {White is much more active.} Kf8 (19... Nb8 $16) 20. Nb5 $18 {Threatens to win with Rac1.} f5 21. Bd4 (21. Nbxa7 Nc4 $16) (21. Ncxa7 Bxg2 22. Kxg2 Nc4 $14) (21. Rac1 $18 {has better winning chances.}) 21... Na4 $2 {[#]} (21... Bxd4 $16 {keeps fighting.} 22. Ncxd4 Bxg2) 22. Bxg7+ Kxg7 23. b4 Nb6 24. Rac1 ({Less strong is} 24. Nbxa7 Nb8 25. b5 e5 26. Nxb8 Bxg2 $16) ({But not} 24. Ncxa7 $6 Bxg2 25. Kxg2 Rad8 26. Rxd8 Rxd8 $18) 24... Nc8 $2 (24... Rac8 {might work better.} 25. Nbxa7 Ra8) 25. Rd7 {White is clearly winning.} Bxc6 26. Bxc6 ({Not} 26. Rxc6 Nb8 $18) 26... Nb8 27. Nc7 {Weighted Error Value: White=0.24 (precise) /Black=0.67} 1-0

[Event "VIII Floripa Open 2022"]
[Site "Florianopolis"]
[Date "2022.01.28"]
[Round "6.10"]
[White "Languidey, Simon Alejandro"]
[Black "De Borba, Gabriel"]
[Result "1-0"]
[WhiteElo "2403"]
[BlackElo "2149"]
[Annotator "TA"]
[PlyCount "55"]
[EventDate "2022.01.24"]
[EventType "swiss"]
[EventCountry "BRA"]
[SourceTitle "playchess.com"]
[Source "ChessBase"]
[SourceQuality "1"]

{[%evp 14,55,92,94,81,41,30,-1,65,81,64,62,55,48,63,33,62,58,145,57,138,139,129,125,155,170,145,156,201,216,219,223,241,215,306,262,298,284,405,408,471,453,491,448]} 1. e4 c5 2. Nc3 e6 3. Nge2 d6 4. g3 Nc6 5. Bg2 Nge7 6. O-O g6 7. d4 cxd4 8. Nxd4 a6 {To avoid Ndb5. B23: Closed Sicilian: Lines without g3.} 9. Nb3 Bg7 {[#]} 10. Bf4 $146 ({Predecessor:} 10. a4 O-O 11. a5 Ne5 12. Qe2 Qc7 13. Rd1 Rd8 14. f4 Nc4 15. Ra4 b5 16. axb6 Nxb6 17. Ra2 Rb8 18. Kh1 {0-1 (34) Galego,L (2479)-Miezis,N (2525) Reykjavik 2004}) 10... e5 (10... Ne5 $1 $11) 11. Bg5 Be6 12. Qd2 Qc7 13. Nd5 Bxd5 14. exd5 Nb8 15. c4 $36 {[%cal Oc4c5][%mdl 2048] aiming for c5! White is more active.} b6 {[#] To avoid c5} (15... Nd7 $1 $14) 16. Rac1 (16. f4 $1 $16 {[%cal Rf4e5]}) 16... f6 {[#]} (16... h6 $14 17. Be3 Nd7) 17. Be3 $1 $16 {[%cal Oc4c5] c5! is the strong threat. White is much more active. This bishop pair is nice.} Nd7 {To avoid c5} 18. c5 bxc5 {[#]} 19. Nxc5 $1 {[%mdl 512]} Nxc5 (19... dxc5 $2 20. d6 Qb6 21. Bxa8 $18) 20. b4 Nb3 (20... O-O $16 21. bxc5 Rfc8) 21. Rxc7 $18 Nxd2 22. Bxd2 Kf7 23. Rfc1 {[%cal Bf1c1,Bc1c7,Bc7c6][%mdl 32]} Rhc8 (23... Rhd8 {is a better defense.} 24. a4 Kf8) 24. Rxc8 Nxc8 25. Rc7+ Kg8 (25... Ne7 $142 26. Bf1 Kf8) 26. Bf1 Bf8 27. Rc6 a5 28. b5 {Weighted Error Value: White=0.14 (very precise) /Black=0.41} 1-0

[Event "VIII Floripa Open 2022"]
[Site "Florianopolis"]
[Date "2022.01.29"]
[Round "7.1"]
[White "Delgado Ramirez, Neuris"]
[Black "Pichot, Alan"]
[Result "1/2-1/2"]
[WhiteElo "2614"]
[BlackElo "2625"]
[Annotator "TA"]
[PlyCount "34"]
[EventDate "2022.01.24"]
[EventType "swiss"]
[EventCountry "BRA"]
[SourceTitle "playchess.com"]
[Source "ChessBase"]
[SourceQuality "1"]

{[%evp 16,34,9,0,0,0,20,0,21,14,19,7,15,7,9,15,14,11,21,0,40]} 1. e4 e5 2. Nf3 Nc6 3. d4 exd4 4. Nxd4 Nf6 5. Nxc6 bxc6 6. Bd3 d5 7. exd5 cxd5 8. O-O Be7 9. c4 {The position is equal.} d4 {C45: Scotch Game.} 10. Bg5 O-O 11. Nd2 h6 12. Bxf6 Bxf6 13. b4 Re8 14. Re1 {[#]} Rxe1+ $146 ({Predecessor:} 14... g6 15. Rxe8+ Qxe8 16. Qf3 {½-½ (16) Olmedo,A-Marcos Nozar,J (2137) ICCF email 2021}) 15. Qxe1 Bb7 {Inhibits Qe4.} 16. Nb3 Qf8 17. Qd2 Bg5 {An uneventful encounter.  Weighted Error Value: White=0.03 (flawless) /Black=0.05 (flawless)} 1/2-1/2

[Event "VIII Floripa Open 2022"]
[Site "Florianopolis"]
[Date "2022.01.29"]
[Round "7.4"]
[White "Cubas, Jose Fernando"]
[Black "Cuenca Jimenez, Jose Fernando"]
[Result "1/2-1/2"]
[WhiteElo "2469"]
[BlackElo "2552"]
[Annotator "TA"]
[PlyCount "154"]
[EventDate "2022.01.24"]
[EventType "swiss"]
[EventCountry "BRA"]
[SourceTitle "playchess.com"]
[Source "ChessBase"]
[SourceQuality "1"]

{[%evp 14,154,18,22,31,19,15,25,21,19,2,10,10,9,16,13,16,19,18,22,18,0,0,0,19,5,38,42,39,37,31,49,35,47,53,55,41,30,24,28,41,31,35,0,106,54,50,50,256,241,240,234,258,256,205,0,0,0,0,0,0,0,0,0,0,0,18,0,0,0,0,0,0,0,0,0,0,0,0,0,0,0,0,0,0,0,52,-26,-26,-87,-86,-113,-113,-113,-113,-113,-8,-8,0,0,0,0,0,0,0,0,0,-15,0,-6,-6,-6,-6,-17,-17,-17,-17,-17,-17,-17,-17,-17,-17,-17,-17,-17,-17,-17,-17,-22,-22,-22,-22,-22,-22,-22,-22,-22,-22,-22,0,-22,-22]} 1. e4 c5 2. Nf3 {[%cal Bg1f3,Bf3d4,Bd4b5,Bb5a3,Ba3c4][%mdl 32]} Nc6 3. d4 cxd4 4. Nxd4 e5 5. Nb5 d6 6. N1c3 a6 7. Na3 Be6 8. Nc4 Rb8 {B32: Sicilian: Löwenthal and Kalashnikov Variations.} 9. a4 Nb4 {9...Nf6 is more advanced technology.} 10. Be2 Nf6 {White has an edge.} 11. Bg5 d5 12. exd5 Nbxd5 13. Nxd5 Qxd5 {[#]} 14. O-O $146 ({Predecessor:} 14. Bxf6 gxf6 15. Qxd5 Bxd5 16. Ne3 Be6 17. Bd3 Bc5 18. Ke2 Bxe3 19. Kxe3 Ke7 20. g3 {½-½ (72) Papadiamandis,E (2134)-Cuenca Jimenez,J (2528) Sitges 2020}) 14... Rc8 15. Nb6 {[%csl LRc8,LRd5]} Qxd1 16. Bxd1 Rc7 17. Re1 Bd6 18. c3 Nd7 19. a5 {Black should prevent Ba4.} O-O (19... f6 $5 {[%cal Rf6g5]}) 20. Nxd7 Bxd7 21. Bb3 Bc6 22. Rad1 Rd7 23. Be3 Bc7 24. Rxd7 Bxd7 25. Bb6 Bxb6 26. axb6 $11 {[%mdl 4096] Endgame KRB-KRB} Rd8 27. Bd5 Bc8 28. c4 {[%cal Of2f4,Bc3c4,Bc4c5][%mdl 32]} Rd6 (28... Kf8 $1 $11) 29. Rxe5 {White is more active.} ({Better is} 29. Bf3 $16) 29... Be6 $14 30. f4 $1 {Strongly threatening f5.} g6 {To avoid f5} (30... Rxb6 $2 31. f5 Bd7 32. c5 (32. Re7 Rd6 $16) 32... Rxb2 33. Re7 Rb1+ 34. Kf2 $18) (30... Kf8 $1 $14) 31. Bxe6 $18 (31. Bxb7 Rxb6 32. Bd5 Bxd5 33. Rxd5 (33. cxd5 Rxb2 34. Re8+ Kg7 $11) 33... Rxb2 $11) 31... fxe6 {KR-KR} 32. c5 Rd1+ 33. Kf2 {[%cal Oc5c6]} Kf7 34. Re2 {Prevents Rd2.} (34. Ke3 $1 $18) 34... Rd4 $11 35. Kf3 Rc4 36. Re5 Rb4 37. Re2 Rc4 38. Re5 a5 39. g4 Kf6 40. b3 Rc3+ 41. Ke4 Rxb3 42. Kd4 {[%cal Oc5c6]} Rb4+ 43. Kc3 Rxf4 44. Re2 {[%cal Oc5c6]} Ke7 $1 (44... Rxg4 $2 45. c6 bxc6 46. Rb2 $18) 45. c6 bxc6 (45... Rf3+ $2 46. Kc4 bxc6 47. b7 $18) 46. Rb2 {Inhibits Rb4. Black must now prevent b7.} Rf8 (46... Rxg4 $2 47. b7 Rg5 48. b8=Q $18) 47. Kc4 {b7 is the strong threat.} ({Not} 47. b7 $2 Rb8 48. Rb6 Kd6 $19) 47... Kd7 {aiming for ...e5.} 48. Kc5 Kc8 {And now ...Kb7 would win.} 49. Kxc6 Rf4 ({Black should try} 49... Kb8 $11) 50. Kb5 (50. Re2 $14 Rf3 51. Rxe6 Rc3+ 52. Kb5 Rb3+ 53. Ka4 (53. Kxa5 Ra3+ 54. Kb4 Rh3 $11)) 50... Kb7 {[%cal Of4b4] Threatens to win with ...Rb4+!} (50... Rxg4 $2 51. Ka6 Rf4 52. Ka7 $18) 51. Rd2 {[#]} (51. Kxa5 $11 Rxg4 52. Re2) 51... Rb4+ $1 $17 (51... Rxg4 $2 52. Rd7+ Kc8 53. Rxh7 $18) 52. Kxa5 {Intending Rd7+ and mate.} Rxb6 53. Rd7+ Kc6 54. Rxh7 {[#]} Rb2 (54... Rb8 $1 $17 {Hoping for ...e5.} 55. Rg7 Kc5 56. Rc7+ Kd5 57. Rd7+ Ke5) 55. Rg7 $11 {The position is equal.} Rb5+ 56. Ka4 Rg5 57. h3 Kd5 58. Kb4 Kd4 59. Rd7+ Ke4 60. Re7 Re5 61. h4 Kd5 62. Kc3 Re4 63. h5 Rxg4 64. hxg6 Rxg6 65. Kd3 Rg3+ 66. Ke2 e5 67. Ra7 Ke4 68. Ra4+ Kf5 69. Ra8 $1 Kf4 70. Rf8+ Ke4 71. Ra8 Rg2+ 72. Ke1 Kf4 73. Ra3 e4 74. Rb3 $1 Ra2 75. Rc3 Ke5 76. Rb3 Kd4 77. Rh3 Rb2 {Weighted Error Value: White=0.13 (very precise) /Black=0.17 (very precise)} 1/2-1/2

[Event "VIII Floripa Open 2022"]
[Site "Florianopolis"]
[Date "2022.01.29"]
[Round "8.1"]
[White "Pichot, Alan"]
[Black "Di Berardino, Diego Rafael"]
[Result "1/2-1/2"]
[WhiteElo "2625"]
[BlackElo "2480"]
[Annotator "TA"]
[PlyCount "59"]
[EventDate "2022.01.24"]
[EventType "swiss"]
[EventCountry "BRA"]
[SourceTitle "playchess.com"]
[Source "ChessBase"]
[SourceQuality "1"]

{[%evp 14,59,25,4,15,0,14,9,15,0,0,0,0,-15,0,-25,23,29,60,0,0,0,0,0,0,0,35,0,0,0,0,0,0,0,0,-8,-13,-87,-67,-83,0,0,0,0,0,0,213,-29988]} 1. e4 e5 2. Nf3 Nc6 3. Bc4 Nf6 4. d3 Bc5 5. O-O d6 6. c3 h6 7. Nbd2 O-O 8. h3 Bb6 {C54: Giuoco Piano: 4 c3 Nf6, main lines with 5 d4 and 5 d3.} 9. b4 a5 10. b5 Ne7 {The position is equal.} 11. Bb3 c6 12. a4 Ng6 13. d4 exd4 {[#]} 14. Nxd4 $146 ({Predecessor:} 14. cxd4 d5 15. Re1 dxe4 16. Nxe4 Nxe4 17. Rxe4 Bf5 18. Re1 Qd7 19. Ba3 Rfe8 20. Ne5 Nxe5 21. dxe5 {1-0 (31) Boronyak,A (2286)-Papp,Z (2171) Zalakaros 2000}) 14... c5 (14... Re8 $142) 15. Ne2 Re8 16. Ng3 (16. c4 $14) 16... d5 $11 17. exd5 Nxd5 {[%cal Bf6d5,Bd5b4,Bb4d3][%mdl 32]} 18. Nde4 Be6 {[%cal Oc5c4]} 19. c4 Nb4 20. Be3 Nd3 21. Qh5 {[#] Prevents f5. Rad1 is the strong threat.} Qe7 22. Rad1 Rad8 23. Qe2 Ngf4 24. Qf3 Bc7 25. b6 (25. Rd2 $11) 25... Bb8 26. Rd2 {[#]} Bxh3 27. Bxf4 Nxf4 28. gxh3 Nxh3+ 29. Kg2 $1 Qh4 (29... Rxd2 $11 {and Black is okay.} 30. Nxd2 Qh4) 30. Kh2 $4 {[%mdl 40960] Weighted Error Value: White=0.14 (very precise) /Black=0.30. An unexpected result.} 1/2-1/2